|
|
|
|
| LEADER |
01231nam a22002657a 4500 |
| 001 |
44497 |
| 003 |
BD-DhAAL |
| 005 |
20250724105914.0 |
| 008 |
250724t2012 enk||||| |||| 00| 1 eng d |
| 020 |
|
|
|a 9781844088881
|
| 040 |
|
|
|a BD-DhAAL
|d BD-DhAAL
|
| 082 |
|
|
|a 297.5695092
|2 23
|
| 100 |
|
|
|a Bibi, Asia.
|9 58840
|
| 245 |
|
|
|a Blasphemy :
|b the true, heartbreaking story of the woman sentenced to death over a cup of water /
|c Asia Bibi, Anne-Isabelle Tollet.
|
| 260 |
|
|
|a London :
|b Virago,
|c 2012.
|
| 300 |
|
|
|a xvii, 137 pages ;
|c 24 cm
|
| 541 |
|
|
|a Donated by Farhana Zahir (Assistant Professor, BBS)
|e 44497
|
| 650 |
|
|
|a Blasphemy (Islam).
|9 58841
|
| 650 |
|
|
|a Christian women
|z Pakistan
|v Biography.
|9 58844
|
| 650 |
|
|
|a Women death row inmates
|z Pakistan
|v Biography.
|9 58848
|
| 650 |
|
|
|a Religious discrimination
|z Pakistan
|x History
|y 21st century.
|9 58847
|
| 700 |
|
|
|a Tollet, Anne-Isabelle.
|9 58843
|
| 942 |
|
|
|2 ddc
|c BK
|
| 999 |
|
|
|c 47354
|d 47354
|
| 952 |
|
|
|0 0
|1 0
|2 ddc
|4 0
|6 297_569509200000000_BIB
|7 0
|9 77904
|a BRACUL
|b BRACUL
|c GEN
|d 2025-07-24
|e Donated by Farhana Zahir (Assistant Professor, BBS.)
|l 0
|o 297.5695092 BIB
|p 3010044497
|r 2025-07-24
|t 1
|w 2025-07-24
|y BK
|x Donated by Farhana Zahir, Assistant Professor, BBS, BRAC University; ₹350.00;
|